| 000 | 00764nam a2200229Ii 4500 | ||
|---|---|---|---|
| 003 | JO-AjNU | ||
| 008 | 230605s9999||||xx |||||||||||||| ||und|| | ||
| 017 | _a2004/2904 | ||
| 020 | _a977-01-9010-1 | ||
| 040 |
_aJO-AjNU _bara _erda _cJO-AjNU |
||
| 041 | _aara | ||
| 050 | 1 | 4 | _aPJ7942 2004 |
| 100 | 3 |
_aدراسة عبدالله، محمد حسن, _eauthor _939617 |
|
| 245 | 0 | 0 | _aمراوغة المكائد: قصص آمال يوسف |
| 264 | 3 | 1 | _aالقاهرة:الهيئة المصرية العامة للكتاب،2004 |
| 300 | _a126ص | ||
| 336 |
_atext _btxt _2rdacontent |
||
| 337 |
_aunmediated _bn _2rdamedia |
||
| 338 |
_avolume _bnc _2rdacarrier |
||
| 490 | 0 | _aإشراقات جديدة (73) | |
| 650 | 4 |
_aالأدب العربي - قصص _939618 |
|
| 999 |
_aA16746 _c20314 _d20314 |
||